000 00354nam a2200145Ia 4500
005 20251222152644.0
008 251222s9999||||xx |||||||||||||| ||spa||
020 _a8447005062
082 _a344.460.2/A45
100 _aAlonso Olea, Manuel
245 0 _aInstituciones de Seguridad Social
250 _a14°.ed.
264 _bCivitas S.A.
942 _cLIB
999 _c28200
_d28200